000 00603pam a2200193 a 4500
020 _a0801848911 (acidfree paper)
040 _cDLC
082 0 0 _a338 JOH 1995 A072 Co.
245 0 0 _aInduced innovation theory and international agricultural development :
_ba reassessment /
260 _aBaltimore :
_bJohns Hopkins University Press,
_cc1995.
300 _aviii, 190 p. :
_bill.
_c;24 cm.
650 0 _aAgriculture
650 0 _aAgricultural innovations
650 0 _aAgricultural diversification
650 0 _aFood supply
650 0 _aGreen Revolution.
700 1 _aKoppel, Bruce.
942 _cEK
999 _c14925
_d14925